Positions des joueurs d'une équipe de rugby - Statistiques

Statistiques générales
  • Ce quiz a été pris 570 fois
  • Le résultat moyen est 11 sur 15
Statistiques - réponses
Numéro de maillot Réponse % Correct
3 Pilier droit
91%
1 Pilier gauche
91%
2 Talonneur
87%
9 Demi de mélée
77%
14 Ailier droit
73%
11 Ailier gauche
73%
13 Centre droite
72%
12 Centre gauche
72%
15 Arrière
69%
10 Demi d'ouverture
69%
4 Deuxième ligne
61%
5 Deuxième ligne
61%
6 Troisième ligne aile
61%
8 Troisième ligne aile
61%
7 Troisième ligne centre
61%
Aucun quiz correspondant
Distribution des résultats
% des personnes avec chaque résultat
Percentile par nombre de réponses
Votre historique - résultats
Vous n’avez pas pris ce quiz